[Event "DVM U20 2017"]
[Site "Düsseldorf GER"]
[Date "2017.12.27"]
[Round "2"]
[White "Fieberg, Samuel"]
[Black "Beeck, Mats"]
[Result "1-0"]
[Termination "normal"]
[Board "2.2"]
[WhiteElo "2234"]
[BlackElo "2106"]
[WhiteClock "00:45:14"]
[BlackClock "00:18:04"]
[WhiteTeam "SG Porz"]
[BlackTeam "SK Doppelbauer Kiel"]
[PlyCount "121"]
[WhiteFideId "12901717"]
[BlackFideId "12936944"]
[EventCountry "GER"]
[EventRounds "7"]
[EventType "team-swiss"]
[EventDate "2017.12.26"]

1. e4 {[%clk 1:30:58]} c5 {[%clk 1:30:42]} 2. Nf3 {[%clk 1:31:23]} d6 {[%clk
1:31:06]} 3. d4 {[%clk 1:31:50]} cxd4 {[%clk 1:31:31]} 4. Nxd4 {[%clk 1:32:17]}
Nf6 {[%clk 1:31:48]} 5. Nc3 {[%clk 1:32:43]} g6 {[%clk 1:31:55]} 6. Be2 {[%clk
1:31:53]} Bg7 {[%clk 1:32:18]} 7. O-O {[%clk 1:32:07]} Nc6 {[%clk 1:32:16]} 8.
Be3 {[%clk 1:32:33]} O-O {[%clk 1:32:09]} 9. f4 {[%clk 1:32:59]} Qb6 {[%clk
1:32:15]} 10. Qd3 {[%clk 1:33:24]} Ng4 {[%clk 1:32:17]} 11. Nd5 {[%clk
1:33:46]} Bxd4 {[%clk 1:32:33]} 12. Bxg4 {[%clk 1:34:06]} Bxe3+ {[%clk
1:32:55]} 13. Qxe3 {[%clk 1:34:33]} Qxe3+ {[%clk 1:33:16]} 14. Nxe3 {[%clk
1:34:59]} Bxg4 {[%clk 1:33:37]} 15. Nxg4 {[%clk 1:35:26]} Rfc8 {[%clk 1:33:48]}
16. c4 {[%clk 1:34:13]} Nb4 {[%clk 1:26:34]} 17. Ne3 {[%clk 1:30:02]} Nd3
{[%clk 1:24:51]} 18. b3 {[%clk 1:30:06]} Nc5 {[%clk 1:24:54]} 19. Nd5 {[%clk
1:30:30]} Kf8 {[%clk 1:25:13]} 20. Nc3 {[%clk 1:29:47]} a6 {[%clk 1:23:32]} 21.
Rf3 {[%clk 1:24:11]} Rab8 {[%clk 1:22:31]} 22. Raf1 {[%clk 1:21:19]} Nd7 {[%clk
1:18:01]} 23. f5 {[%clk 1:17:49]} g5 {[%clk 1:11:06]} 24. Nd5 {[%clk 1:07:19]}
f6 {[%clk 0:53:58]} 25. Rh3 {[%clk 1:07:41]} Kg7 {[%clk 0:54:11]} 26. Nxe7
{[%clk 1:07:56]} Re8 {[%clk 0:54:33]} 27. Nd5 {[%clk 1:08:23]} Rxe4 {[%clk
0:54:35]} 28. Re3 {[%clk 1:08:47]} Rxe3 {[%clk 0:54:43]} 29. Nxe3 {[%clk
1:09:14]} Re8 {[%clk 0:54:45]} 30. Kf2 {[%clk 1:09:30]} Nc5 {[%clk 0:54:11]}
31. Rd1 {[%clk 1:09:20]} b5 {[%clk 0:51:55]} 32. cxb5 {[%clk 1:07:18]} axb5
{[%clk 0:52:17]} 33. Kf3 {[%clk 1:07:38]} Rd8 {[%clk 0:46:15]} 34. Rd5 {[%clk
1:06:09]} Ra8 {[%clk 0:38:42]} 35. b4 {[%clk 1:05:27]} Nd7 {[%clk 0:38:50]} 36.
Rxd6 {[%clk 1:02:06]} Ne5+ {[%clk 0:39:14]} 37. Ke4 {[%clk 1:02:28]} Rxa2
{[%clk 0:39:32]} 38. Rb6 {[%clk 1:02:25]} Nc4 {[%clk 0:27:20]} 39. Rb7+ {[%clk
1:01:41]} Kg8 {[%clk 0:27:00]} 40. Rb8+ {[%clk 1:00:00]} Kg7 {[%clk 0:26:46]}
41. Rb7+ {[%clk 0:42:50]} Kg8 {[%clk 0:26:50]} 42. Nxc4 {[%clk 0:42:27]} bxc4
{[%clk 0:27:11]} 43. Kd5 {[%clk 0:36:39]} Rxg2 {[%clk 0:14:38]} 44. Ke6 {[%clk
0:36:47]} Rxh2 {[%clk 0:13:18]} 45. Kxf6 {[%clk 0:36:42]} Rh6+ {[%clk 0:13:40]}
46. Ke7 {[%clk 0:26:31]} Rc6 {[%clk 0:10:42]} 47. f6 {[%clk 0:25:59]} Rc8
{[%clk 0:10:57]} 48. b5 {[%clk 0:26:04]} Rf8 {[%clk 0:07:24]} 49. Ke6 {[%clk
0:24:47]} Re8+ {[%clk 0:03:49]} 50. Kd5 {[%clk 0:16:59]} Rf8 {[%clk 0:25:27]}
51. Rg7+ {[%clk 0:44:40]} Kh8 {[%clk 0:25:54]} 52. Rxg5 {[%clk 0:45:06]} Rxf6
{[%clk 0:26:16]} 53. Kxc4 {[%clk 0:45:29]} h6 {[%clk 0:23:54]} 54. Re5 {[%clk
0:45:42]} Kg7 {[%clk 0:24:01]} 55. Kc5 {[%clk 0:46:02]} Kg6 {[%clk 0:23:22]}
56. b6 {[%clk 0:46:16]} Rf7 {[%clk 0:21:44]} 57. Kc6 {[%clk 0:46:25]} Rf6+
{[%clk 0:21:42]} 58. Kc7 {[%clk 0:46:40]} Rf7+ {[%clk 0:20:09]} 59. Kb8 {[%clk
0:46:55]} Rf2 {[%clk 0:18:18]} 60. b7 {[%clk 0:46:59]} h5 {[%clk 0:18:04]} 61.
Rc5 {[%clk 0:45:14]} 1-0

[Event "DVM U20 2017"]
[Site "Düsseldorf GER"]
[Date "2017.12.27"]
[Round "2"]
[White "Wanner, Lukas"]
[Black "Bunyatov, Rustam"]
[Result "1/2-1/2"]
[Termination "normal"]
[Board "2.3"]
[BlackTitle "FM"]
[WhiteElo "2024"]
[BlackElo "2166"]
[WhiteClock "00:44:24"]
[BlackClock "00:26:59"]
[WhiteTeam "SK Doppelbauer Kiel"]
[BlackTeam "SG Porz"]
[PlyCount "48"]
[WhiteFideId "12918148"]
[BlackFideId "13410210"]
[EventCountry "GER"]
[EventRounds "7"]
[EventType "team-swiss"]
[EventDate "2017.12.26"]

1. c4 {[%clk 1:30:57]} Nf6 {[%clk 1:30:56]} 2. g3 {[%clk 1:31:20]} e5 {[%clk
1:31:21]} 3. Bg2 {[%clk 1:31:37]} Nc6 {[%clk 1:31:16]} 4. Nc3 {[%clk 1:31:58]}
Bb4 {[%clk 1:31:41]} 5. Nd5 {[%clk 1:32:11]} Bc5 {[%clk 1:32:00]} 6. Nf3 {[%clk
1:31:29]} d6 {[%clk 1:29:57]} 7. O-O {[%clk 1:26:08]} O-O {[%clk 1:29:47]} 8.
d3 {[%clk 1:16:31]} h6 {[%clk 1:28:25]} 9. a3 {[%clk 1:15:06]} Nxd5 {[%clk
1:25:34]} 10. cxd5 {[%clk 1:15:30]} Ne7 {[%clk 1:25:58]} 11. d4 {[%clk
1:15:23]} exd4 {[%clk 1:24:51]} 12. Nxd4 {[%clk 1:11:59]} Bd7 {[%clk 1:12:01]}
13. b4 {[%clk 1:11:34]} Bb6 {[%clk 1:11:24]} 14. Bb2 {[%clk 1:11:20]} a5 {[%clk
0:54:40]} 15. Qb3 {[%clk 1:08:30]} axb4 {[%clk 0:34:26]} 16. axb4 {[%clk
1:08:41]} Nf5 {[%clk 0:33:13]} 17. Nxf5 {[%clk 1:01:46]} Bxf5 {[%clk 0:33:30]}
18. Rxa8 {[%clk 1:00:51]} Qxa8 {[%clk 0:33:51]} 19. Qc3 {[%clk 1:00:52]} f6
{[%clk 0:33:59]} 20. e4 {[%clk 0:55:31]} Bd7 {[%clk 0:33:10]} 21. Kh1 {[%clk
0:53:45]} Qc8 {[%clk 0:31:34]} 22. f4 {[%clk 0:50:06]} Bh3 {[%clk 0:31:06]} 23.
Re1 {[%clk 0:43:59]} Bxg2+ {[%clk 0:28:58]} 24. Kxg2 {[%clk 0:44:24]} Qd7
{[%clk 0:26:59]} 1/2-1/2

[Event "DVM U20 2017"]
[Site "Düsseldorf GER"]
[Date "2017.12.27"]
[Round "2"]
[White "Sabirov, Ramil"]
[Black "Rieper, Julian"]
[Result "0-1"]
[Termination "normal"]
[Board "2.4"]
[WhiteElo "2093"]
[BlackElo "2050"]
[WhiteClock "00:00:41"]
[BlackClock "00:16:15"]
[WhiteTeam "SG Porz"]
[BlackTeam "SK Doppelbauer Kiel"]
[PlyCount "80"]
[WhiteFideId "12900303"]
[BlackFideId "12936960"]
[EventCountry "GER"]
[EventRounds "7"]
[EventType "team-swiss"]
[EventDate "2017.12.26"]

1. Nf3 {[%clk 1:30:57]} Nf6 {[%clk 1:30:43]} 2. c4 {[%clk 1:31:19]} c6 {[%clk
1:30:43]} 3. Nc3 {[%clk 1:31:39]} d5 {[%clk 1:30:58]} 4. e3 {[%clk 1:32:05]} e6
{[%clk 1:30:29]} 5. b3 {[%clk 1:32:21]} Bd6 {[%clk 1:30:16]} 6. Bb2 {[%clk
1:32:36]} Nbd7 {[%clk 1:29:47]} 7. Qc2 {[%clk 1:32:58]} O-O {[%clk 1:29:47]} 8.
Be2 {[%clk 1:32:08]} dxc4 {[%clk 1:28:36]} 9. bxc4 {[%clk 1:31:44]} e5 {[%clk
1:28:26]} 10. O-O {[%clk 1:25:42]} Re8 {[%clk 1:28:04]} 11. Ng5 {[%clk
1:18:53]} Qe7 {[%clk 1:21:29]} 12. Nge4 {[%clk 1:12:12]} Bc7 {[%clk 1:18:00]}
13. Rae1 {[%clk 1:07:04]} Nxe4 {[%clk 1:13:07]} 14. Nxe4 {[%clk 1:06:18]} Nf8
{[%clk 1:12:11]} 15. Ng3 {[%clk 0:49:24]} Ng6 {[%clk 1:05:22]} 16. Bd3 {[%clk
0:45:09]} Bd7 {[%clk 1:03:44]} 17. Be4 {[%clk 0:43:24]} Qg5 {[%clk 0:53:16]}
18. Rd1 {[%clk 0:30:10]} Bg4 {[%clk 0:49:53]} 19. Rb1 {[%clk 0:29:43]} Nh4
{[%clk 0:47:23]} 20. f3 {[%clk 0:22:20]} Bc8 {[%clk 0:43:49]} 21. f4 {[%clk
0:17:28]} exf4 {[%clk 0:41:57]} 22. exf4 {[%clk 0:16:58]} Qh6 {[%clk 0:33:52]}
23. Rf2 {[%clk 0:12:11]} Ng6 {[%clk 0:30:53]} 24. Bxg6 {[%clk 0:05:12]} Qxg6
{[%clk 0:26:38]} 25. Qxg6 {[%clk 0:03:38]} hxg6 {[%clk 0:26:40]} 26. Kf1 {[%clk
0:02:04]} Be6 {[%clk 0:23:56]} 27. Rc1 {[%clk 0:02:12]} Rad8 {[%clk 0:21:38]}
28. d4 {[%clk 0:01:34]} Bg4 {[%clk 0:20:37]} 29. h3 {[%clk 0:01:02]} Bc8 {[%clk
0:20:21]} 30. Rf3 {[%clk 0:01:08]} a6 {[%clk 0:18:27]} 31. a4 {[%clk 0:01:02]}
Ba5 {[%clk 0:17:09]} 32. Kf2 {[%clk 0:01:14]} c5 {[%clk 0:16:19]} 33. d5 {[%clk
0:01:28]} b5 {[%clk 0:16:27]} 34. Rd3 {[%clk 0:00:54]} bxc4 {[%clk 0:15:39]}
35. Rxc4 {[%clk 0:01:16]} Bb7 {[%clk 0:15:13]} 36. Rxc5 {[%clk 0:00:57]} Bb6
{[%clk 0:15:35]} 37. Bd4 {[%clk 0:01:24]} Bxc5 {[%clk 0:15:46]} 38. Bxc5 {[%clk
0:01:51]} Rxd5 {[%clk 0:15:51]} 39. Rxd5 {[%clk 0:01:08]} Bxd5 {[%clk 0:16:15]}
40. Ne2 {[%clk 0:00:41]} Bxg2 0-1

[Event "DVM U20 2017"]
[Site "Düsseldorf GER"]
[Date "2017.12.27"]
[Round "2"]
[White "Arndt, Magnus"]
[Black "Ramien, David"]
[Result "1-0"]
[Termination "normal"]
[Board "2.5"]
[WhiteElo "2062"]
[BlackElo "2160"]
[WhiteClock "00:07:33"]
[BlackClock "00:13:46"]
[WhiteTeam "SK Doppelbauer Kiel"]
[BlackTeam "SG Porz"]
[PlyCount "99"]
[WhiteFideId "12998656"]
[BlackFideId "12948241"]
[EventCountry "GER"]
[EventRounds "7"]
[EventType "team-swiss"]
[EventDate "2017.12.26"]

1. e4 {[%clk 1:30:58]} g6 {[%clk 1:30:48]} 2. d4 {[%clk 1:31:20]} Bg7 {[%clk
1:31:12]} 3. Nf3 {[%clk 1:31:45]} d6 {[%clk 1:31:39]} 4. Be2 {[%clk 1:32:08]}
Nf6 {[%clk 1:32:04]} 5. Nc3 {[%clk 1:32:33]} O-O {[%clk 1:32:27]} 6. O-O {[%clk
1:32:59]} Nbd7 {[%clk 1:32:50]} 7. h3 {[%clk 1:31:12]} e5 {[%clk 1:33:13]} 8.
dxe5 {[%clk 1:31:38]} dxe5 {[%clk 1:33:38]} 9. Be3 {[%clk 1:30:21]} c6 {[%clk
1:33:23]} 10. a4 {[%clk 1:27:09]} a5 {[%clk 1:33:29]} 11. Nd2 {[%clk 1:23:28]}
Qe7 {[%clk 1:32:25]} 12. Nc4 {[%clk 1:15:24]} Rd8 {[%clk 1:29:05]} 13. Qd6
{[%clk 1:09:22]} Qxd6 {[%clk 1:17:39]} 14. Nxd6 {[%clk 1:09:43]} Ne8 {[%clk
1:17:21]} 15. Nc4 {[%clk 0:59:06]} Nc7 {[%clk 1:00:45]} 16. Bg4 {[%clk
0:50:27]} Rf8 {[%clk 0:55:31]} 17. Nd6 {[%clk 0:42:46]} h5 {[%clk 0:54:50]} 18.
Bxd7 {[%clk 0:41:35]} Bxd7 {[%clk 0:55:16]} 19. Nxb7 {[%clk 0:41:54]} Ne6
{[%clk 0:49:01]} 20. Nc5 {[%clk 0:41:04]} Rfd8 {[%clk 0:49:12]} 21. Nxe6 {[%clk
0:38:35]} Bxe6 {[%clk 0:49:40]} 22. Rfd1 {[%clk 0:38:09]} Bf8 {[%clk 0:47:33]}
23. b3 {[%clk 0:35:42]} Bb4 {[%clk 0:47:00]} 24. Rxd8+ {[%clk 0:33:58]} Rxd8
{[%clk 0:47:23]} 25. Rd1 {[%clk 0:34:11]} Rxd1+ {[%clk 0:46:49]} 26. Nxd1
{[%clk 0:34:25]} Kf8 {[%clk 0:44:38]} 27. Kf1 {[%clk 0:33:16]} Ke7 {[%clk
0:43:14]} 28. Ke2 {[%clk 0:31:13]} Kd6 {[%clk 0:42:44]} 29. Kd3 {[%clk
0:23:20]} f5 {[%clk 0:28:17]} 30. f3 {[%clk 0:22:03]} Bc5 {[%clk 0:12:43]} 31.
Bh6 {[%clk 0:12:39]} Bd4 {[%clk 0:06:46]} 32. Bd2 {[%clk 0:10:42]} c5 {[%clk
0:05:32]} 33. Bxa5 {[%clk 0:09:03]} c4+ {[%clk 0:05:38]} 34. bxc4 {[%clk
0:09:32]} Kc5 {[%clk 0:05:41]} 35. Ke2 {[%clk 0:01:59]} Bxc4+ {[%clk 0:05:26]}
36. Ke1 {[%clk 0:02:26]} Bg1 {[%clk 0:03:24]} 37. Bc3 {[%clk 0:02:36]} Bh2
{[%clk 0:03:39]} 38. Kf2 {[%clk 0:02:15]} h4 {[%clk 0:03:27]} 39. exf5 {[%clk
0:01:42]} gxf5 {[%clk 0:03:54]} 40. Ne3 {[%clk 0:01:54]} Bg3+ {[%clk 0:03:54]}
41. Kg1 {[%clk 0:02:15]} Be6 {[%clk 0:03:25]} 42. Nf1 {[%clk 0:27:49]} Bf4
{[%clk 0:33:09]} 43. Kf2 {[%clk 0:27:13]} Kc4 {[%clk 0:25:57]} 44. Bd2 {[%clk
0:22:34]} Bxd2 {[%clk 0:25:30]} 45. Nxd2+ {[%clk 0:23:03]} Kb4 {[%clk 0:23:30]}
46. f4 {[%clk 0:12:30]} e4 {[%clk 0:22:54]} 47. Nb3 {[%clk 0:07:41]} Kc3 {[%clk
0:22:43]} 48. Ke3 {[%clk 0:08:08]} Bd7 {[%clk 0:16:35]} 49. a5 {[%clk 0:07:21]}
Bb5 {[%clk 0:13:46]} 50. Nd4 {[%clk 0:07:33]} 1-0

[Event "DVM U20 2017"]
[Site "Düsseldorf GER"]
[Date "2017.12.27"]
[Round "2"]
[White "Niesel, Tobias"]
[Black "Karlisch, Moritz"]
[Result "0-1"]
[Termination "normal"]
[Board "2.6"]
[WhiteElo "1942"]
[BlackElo "1859"]
[WhiteClock "00:00:33"]
[BlackClock "00:02:31"]
[WhiteTeam "SG Porz"]
[BlackTeam "SK Doppelbauer Kiel"]
[PlyCount "72"]
[WhiteFideId "12962155"]
[BlackFideId "12964859"]
[EventCountry "GER"]
[EventRounds "7"]
[EventType "team-swiss"]
[EventDate "2017.12.26"]

1. c4 {[%clk 1:30:56]} c5 {[%clk 1:30:50]} 2. g3 {[%clk 1:31:18]} g6 {[%clk
1:31:06]} 3. Bg2 {[%clk 1:31:41]} Bg7 {[%clk 1:31:29]} 4. Nc3 {[%clk 1:31:52]}
Nc6 {[%clk 1:31:49]} 5. a3 {[%clk 1:32:15]} d6 {[%clk 1:30:12]} 6. Rb1 {[%clk
1:31:48]} Nf6 {[%clk 1:22:16]} 7. e3 {[%clk 1:21:33]} Bf5 {[%clk 1:09:51]} 8.
d3 {[%clk 1:16:49]} O-O {[%clk 1:04:12]} 9. Nge2 {[%clk 1:14:09]} Qd7 {[%clk
1:01:44]} 10. h3 {[%clk 1:14:21]} Rab8 {[%clk 0:54:23]} 11. b4 {[%clk 1:05:34]}
Rfd8 {[%clk 0:43:32]} 12. e4 {[%clk 0:58:01]} Be6 {[%clk 0:43:30]} 13. Be3
{[%clk 0:57:02]} b6 {[%clk 0:40:11]} 14. b5 {[%clk 0:55:33]} Na5 {[%clk
0:39:52]} 15. f4 {[%clk 0:54:39]} Ne8 {[%clk 0:35:08]} 16. g4 {[%clk 0:45:04]}
f5 {[%clk 0:32:35]} 17. gxf5 {[%clk 0:45:19]} gxf5 {[%clk 0:32:32]} 18. Nd5
{[%clk 0:44:04]} fxe4 {[%clk 0:30:24]} 19. Bxe4 {[%clk 0:43:45]} Nf6 {[%clk
0:26:57]} 20. Nxf6+ {[%clk 0:41:33]} Bxf6 {[%clk 0:26:54]} 21. Rg1+ {[%clk
0:36:25]} Kh8 {[%clk 0:25:58]} 22. Ng3 {[%clk 0:36:37]} Bf7 {[%clk 0:19:53]}
23. Nf5 {[%clk 0:28:07]} Rg8 {[%clk 0:16:58]} 24. Nh6 {[%clk 0:22:01]} Rxg1+
{[%clk 0:15:09]} 25. Bxg1 {[%clk 0:22:26]} Bc3+ {[%clk 0:15:02]} 26. Kf2 {[%clk
0:21:23]} Bg6 {[%clk 0:09:46]} 27. f5 {[%clk 0:11:12]} Rf8 {[%clk 0:09:00]} 28.
Kg2 {[%clk 0:11:35]} Be8 {[%clk 0:08:33]} 29. Qg4 {[%clk 0:04:53]} Bg7 {[%clk
0:04:39]} 30. Qg5 {[%clk 0:03:33]} Bf6 {[%clk 0:04:35]} 31. Qe3 {[%clk
0:02:46]} Bh5 {[%clk 0:02:55]} 32. Kh1 {[%clk 0:00:54]} e6 {[%clk 0:01:48]} 33.
Bf2 {[%clk 0:00:32]} Qe7 {[%clk 0:01:44]} 34. Re1 {[%clk 0:00:31]} Bg5 {[%clk
0:01:56]} 35. f6 {[%clk 0:00:37]} Qxf6 {[%clk 0:02:10]} 36. Nf7+ {[%clk
0:00:33]} Rxf7 {[%clk 0:02:31]} 0-1

[Event "DVM U20 2017"]
[Site "Düsseldorf GER"]
[Date "2017.12.27"]
[Round "2"]
[White "Kruse, Janik"]
[Black "Ehmann, Thilo"]
[Result "1/2-1/2"]
[Termination "normal"]
[Board "3.2"]
[BlackTitle "FM"]
[WhiteElo "2052"]
[BlackElo "2291"]
[WhiteClock "00:14:27"]
[BlackClock "00:06:36"]
[WhiteTeam "LSV Turm Lippstadt"]
[BlackTeam "SF Sasbach"]
[PlyCount "106"]
[WhiteFideId "16200250"]
[BlackFideId "12940968"]
[EventCountry "GER"]
[EventRounds "7"]
[EventType "team-swiss"]
[EventDate "2017.12.26"]

1. d4 {[%clk 1:30:53]} Nf6 {[%clk 1:30:57]} 2. c3 {[%clk 1:31:16]} d5 {[%clk
1:30:51]} 3. Nf3 {[%clk 1:31:36]} g6 {[%clk 1:31:14]} 4. Bg5 {[%clk 1:30:25]}
Bg7 {[%clk 1:31:17]} 5. e3 {[%clk 1:30:09]} O-O {[%clk 1:31:25]} 6. Nbd2 {[%clk
1:29:25]} h6 {[%clk 1:28:36]} 7. Bh4 {[%clk 1:28:42]} Nbd7 {[%clk 1:27:59]} 8.
Bd3 {[%clk 1:28:31]} Re8 {[%clk 1:28:01]} 9. O-O {[%clk 1:24:45]} e5 {[%clk
1:27:42]} 10. Nxe5 {[%clk 1:23:20]} Nxe5 {[%clk 1:28:00]} 11. dxe5 {[%clk
1:23:45]} Rxe5 {[%clk 1:28:24]} 12. Qc2 {[%clk 1:21:07]} Qe8 {[%clk 1:16:02]}
13. Rad1 {[%clk 1:09:06]} Bg4 {[%clk 1:08:28]} 14. f3 {[%clk 1:08:56]} Bd7
{[%clk 1:06:29]} 15. Bg3 {[%clk 1:03:30]} Rxe3 {[%clk 1:05:47]} 16. Bxc7 {[%clk
1:03:54]} Rxd3 {[%clk 0:42:47]} 17. Qxd3 {[%clk 1:04:07]} Bb5 {[%clk 0:42:56]}
18. Qb1 {[%clk 1:00:40]} Bxf1 {[%clk 0:39:13]} 19. Nxf1 {[%clk 1:00:59]} Qe7
{[%clk 0:32:21]} 20. Bf4 {[%clk 1:00:06]} Nh5 {[%clk 0:30:18]} 21. Be3 {[%clk
0:59:13]} Qe6 {[%clk 0:29:52]} 22. a3 {[%clk 0:55:06]} a6 {[%clk 0:29:52]} 23.
Rd3 {[%clk 0:52:23]} d4 {[%clk 0:25:41]} 24. cxd4 {[%clk 0:50:16]} Rd8 {[%clk
0:24:35]} 25. Qd1 {[%clk 0:49:31]} Nf6 {[%clk 0:24:37]} 26. Qd2 {[%clk
0:47:26]} Kh7 {[%clk 0:24:07]} 27. Bf4 {[%clk 0:40:55]} Nd5 {[%clk 0:23:09]}
28. Be5 {[%clk 0:40:50]} f6 {[%clk 0:22:46]} 29. Bg3 {[%clk 0:40:32]} h5 {[%clk
0:22:51]} 30. Bf4 {[%clk 0:19:05]} Rd7 {[%clk 0:19:40]} 31. Ng3 {[%clk
0:17:11]} Nxf4 {[%clk 0:16:55]} 32. Qxf4 {[%clk 0:16:42]} Qe1+ {[%clk 0:14:53]}
33. Nf1 {[%clk 0:17:06]} Qb1 {[%clk 0:13:54]} 34. Qd2 {[%clk 0:16:04]} Re7
{[%clk 0:12:17]} 35. Kf2 {[%clk 0:14:33]} Bh6 {[%clk 0:11:23]} 36. Ne3 {[%clk
0:14:58]} Qh1 {[%clk 0:11:03]} 37. d5 {[%clk 0:06:49]} Qxh2 {[%clk 0:06:22]}
38. d6 {[%clk 0:07:14]} Rd7 {[%clk 0:06:07]} 39. Qc3 {[%clk 0:05:35]} Bxe3+
{[%clk 0:04:25]} 40. Kxe3 {[%clk 0:05:09]} Qg1+ {[%clk 0:03:18]} 41. Kf4 {[%clk
0:03:07]} Qh2+ {[%clk 0:26:11]} 42. Ke3 {[%clk 0:32:57]} Kg7 {[%clk 0:24:31]}
43. Rd2 {[%clk 0:27:09]} Qg1+ {[%clk 0:23:38]} 44. Kf4 {[%clk 0:27:04]} Qe1
{[%clk 0:23:28]} 45. Qd4 {[%clk 0:25:31]} Qh4+ {[%clk 0:12:38]} 46. g4 {[%clk
0:23:35]} hxg4 {[%clk 0:08:25]} 47. fxg4 {[%clk 0:23:59]} Qh3 {[%clk 0:08:09]}
48. Rf2 {[%clk 0:18:06]} Qh4 {[%clk 0:08:03]} 49. Rd2 {[%clk 0:17:04]} Qe1
{[%clk 0:07:37]} 50. Kf3 {[%clk 0:15:20]} Qf1+ {[%clk 0:06:44]} 51. Kg3 {[%clk
0:15:37]} Qe1+ {[%clk 0:06:44]} 52. Kf3 {[%clk 0:16:04]} Qe6 {[%clk 0:06:36]}
53. Kg3 {[%clk 0:14:27]} Qe1+ 1/2-1/2

[Event "DVM U20 2017"]
[Site "Düsseldorf GER"]
[Date "2017.12.27"]
[Round "2"]
[White "Riehle, Marco"]
[Black "Kettler, Ilija Jonas"]
[Result "1-0"]
[Termination "normal"]
[Board "3.3"]
[WhiteTitle "FM"]
[WhiteElo "2280"]
[BlackElo "2032"]
[WhiteClock "01:26:25"]
[BlackClock "01:13:19"]
[WhiteTeam "SF Sasbach"]
[BlackTeam "LSV Turm Lippstadt"]
[PlyCount "25"]
[WhiteFideId "12904392"]
[BlackFideId "16216610"]
[EventCountry "GER"]
[EventRounds "7"]
[EventType "team-swiss"]
[EventDate "2017.12.26"]

1. e4 {[%clk 1:30:43]} e5 {[%clk 1:30:54]} 2. Nf3 {[%clk 1:30:42]} Nc6 {[%clk
1:31:18]} 3. Bc4 {[%clk 1:30:29]} Bc5 {[%clk 1:31:40]} 4. O-O {[%clk 1:30:21]}
Nf6 {[%clk 1:31:58]} 5. d4 {[%clk 1:30:43]} Bxd4 {[%clk 1:32:18]} 6. Nxd4
{[%clk 1:30:59]} Nxd4 {[%clk 1:32:24]} 7. f4 {[%clk 1:31:23]} d6 {[%clk
1:28:54]} 8. fxe5 {[%clk 1:31:47]} dxe5 {[%clk 1:29:19]} 9. Bg5 {[%clk
1:32:14]} Bg4 {[%clk 1:23:27]} 10. Bxf7+ {[%clk 1:26:24]} Kf8 {[%clk 1:12:51]}
11. Bxf6 {[%clk 1:25:29]} Bxd1 {[%clk 1:13:11]} 12. Bxd8 {[%clk 1:25:56]} Rxd8
{[%clk 1:13:19]} 13. Bh5+ {[%clk 1:26:25]} 1-0

[Event "DVM U20 2017"]
[Site "Düsseldorf GER"]
[Date "2017.12.27"]
[Round "2"]
[White "Kuckling, Linus"]
[Black "Zimmer, Raphael"]
[Result "0-1"]
[Termination "normal"]
[Board "3.4"]
[BlackTitle "FM"]
[WhiteElo "1804"]
[BlackElo "2122"]
[WhiteClock "00:31:16"]
[BlackClock "00:42:42"]
[WhiteTeam "LSV Turm Lippstadt"]
[BlackTeam "SF Sasbach"]
[PlyCount "82"]
[WhiteFideId "24658243"]
[BlackFideId "12978841"]
[EventCountry "GER"]
[EventRounds "7"]
[EventType "team-swiss"]
[EventDate "2017.12.26"]

1. e4 {[%clk 1:30:57]} e5 {[%clk 1:30:46]} 2. Nf3 {[%clk 1:31:20]} Nc6 {[%clk
1:31:01]} 3. Bb5 {[%clk 1:31:43]} a6 {[%clk 1:31:04]} 4. Ba4 {[%clk 1:32:09]}
Nf6 {[%clk 1:31:12]} 5. O-O {[%clk 1:32:30]} Be7 {[%clk 1:31:21]} 6. Re1 {[%clk
1:32:55]} b5 {[%clk 1:30:46]} 7. Bb3 {[%clk 1:33:20]} O-O {[%clk 1:30:53]} 8.
c3 {[%clk 1:33:37]} d6 {[%clk 1:28:58]} 9. h3 {[%clk 1:30:45]} Na5 {[%clk
1:24:36]} 10. d4 {[%clk 1:31:00]} Nxb3 {[%clk 1:22:58]} 11. Qxb3 {[%clk
1:31:05]} exd4 {[%clk 1:21:43]} 12. cxd4 {[%clk 1:31:20]} c5 {[%clk 1:21:31]}
13. Bf4 {[%clk 1:28:21]} c4 {[%clk 1:15:56]} 14. Qc2 {[%clk 1:26:39]} d5 {[%clk
1:13:08]} 15. e5 {[%clk 1:23:26]} Nh5 {[%clk 1:09:20]} 16. Be3 {[%clk 1:19:55]}
g5 {[%clk 1:08:09]} 17. Nbd2 {[%clk 1:17:41]} Ng7 {[%clk 1:05:34]} 18. Nf1
{[%clk 1:16:55]} Bf5 {[%clk 1:04:28]} 19. Qd2 {[%clk 1:16:45]} Ne6 {[%clk
1:04:26]} 20. Ng3 {[%clk 1:16:24]} Bg6 {[%clk 1:04:26]} 21. Nh2 {[%clk
1:15:07]} a5 {[%clk 1:03:59]} 22. a3 {[%clk 1:14:52]} f5 {[%clk 1:01:43]} 23.
exf6 {[%clk 1:13:30]} Bxf6 {[%clk 1:01:31]} 24. Ng4 {[%clk 1:12:22]} Bg7 {[%clk
1:00:38]} 25. Ne2 {[%clk 1:03:18]} Bd3 {[%clk 0:53:15]} 26. Ne5 {[%clk
0:55:44]} Bxe5 {[%clk 0:51:48]} 27. dxe5 {[%clk 0:56:08]} d4 {[%clk 0:51:54]}
28. Nxd4 {[%clk 0:55:47]} Nxd4 {[%clk 0:52:13]} 29. Bxg5 {[%clk 0:55:58]} Qe8
{[%clk 0:51:46]} 30. Rac1 {[%clk 0:51:12]} Nb3 {[%clk 0:51:20]} 31. Qc3 {[%clk
0:51:02]} Nxc1 {[%clk 0:51:22]} 32. Qxc1 {[%clk 0:51:24]} Ra6 {[%clk 0:50:35]}
33. Bf6 {[%clk 0:51:24]} Qg6 {[%clk 0:50:12]} 34. Re3 {[%clk 0:51:41]} Qf7
{[%clk 0:49:19]} 35. Rg3+ {[%clk 0:51:41]} Bg6 {[%clk 0:49:34]} 36. f4 {[%clk
0:51:31]} Rxf6 {[%clk 0:49:08]} 37. exf6 {[%clk 0:51:56]} Qxf6 {[%clk 0:49:29]}
38. Qd1 {[%clk 0:50:01]} Rd8 {[%clk 0:45:52]} 39. Qf3 {[%clk 0:35:05]} Kh8
{[%clk 0:44:17]} 40. Rg5 {[%clk 0:32:27]} Qxb2 {[%clk 0:42:52]} 41. Qc6 {[%clk
0:31:16]} Qc1+ {[%clk 0:42:42]} 0-1